000 00293nam a22001337a 4500
008 181218b xxu||||| |||| 00| 0 eng d
020 _a9780385124270
041 _aeng
080 _a510
100 _a39
101 _aMAT
245 _aMathematics Encyclopedia
_cMax.S.S
942 _2udc
_cBK
999 _c53372
_d53372